Top 100 Największych Państw Świata 2025 (bez okupowanych terenów) - Statystyki

Ogólne statystyki
  • Ten quiz został rozwiązany 118 razy
  • Średni wynik to 78 z 100
Statystyki odpowiedzi
Miejsce Powierzchnia Państwo % Poprawnych
2 9 984 670Km2 Kanada
100%
1 17 098 242Km2 Rosja
100%
4 9 536 935Km2 Stany Zjednoczone
99%
5 8 515 767Km2 Brazylia
97%
3 9 596 960Km2 Chiny
96%
70 312 696Km2 Polska
96%
8 2 780 400Km2 Argentyna
95%
6 7 682 905Km2 Australia
95%
30 1 001 450Km2 Egipt
95%
7 3 287 263Km2 Indie
95%
14 1 964 375Km2 Meksyk
95%
25 1 219 090Km2 Rpa
95%
79 264 151Km2 Wielka Brytania
95%
10 2 381 741Km2 Algieria
92%
52 505 370Km2 Hiszpania
92%
64 357 022Km2 Niemcy
92%
56 450 295Km2 Szwecja
92%
66 338 145Km2 Finlandia
91%
62 386 691Km2 Norwegia
91%
72 301 340Km2 Włochy
91%
38 756 102Km2 Chile
90%
41 674 577Km2 Francja
90%
15 1 904 569Km2 Indonezja
90%
63 377 915Km2 Japonia
90%
19 1 564 116Km2 Mongolia
90%
22 1 267 000Km2 Niger
90%
20 1 285 216Km2 Peru
90%
12 2 149 690Km2 Arabia Saudyjska
88%
32 923 768Km2 Nigeria
88%
76 269 188Km2 Nowa Zelandia
88%
33 912 050Km2 Wenezuela
88%
18 1 648 195Km2 Iran
87%
9 2 724 900Km2 Kazachstan
87%
26 1 138 910Km2 Kolumbia
87%
37 783 562Km2 Turcja
86%
46 603 550Km2 Ukraina
86%
59 438 317Km2 Irak
84%
36 796 095Km2 Pakistan
84%
28 1 098 581Km2 Boliwia
83%
42 652 230Km2 Afganistan
82%
27 1 104 300Km2 Etiopia
82%
49 580 367Km2 Kenia
82%
17 1 759 540Km2 Libia
82%
83 238 391Km2 Rumunia
82%
16 1 861 484Km2 Sudan
82%
65 342 000Km2 Kongo
81%
58 446 550Km2 Maroko
81%
71 309 500Km2 Oman
81%
78 266 000Km2 Sahara Zachodnia (Maroko)
81%
57 447 400Km2 Uzbekistan
81%
86 207 600Km2 Białoruś
79%
43 644 329Km2 Sudan Południowy
79%
96 143 100Km2 Tadżykistan
79%
51 513 120Km2 Tajlandia
79%
53 488 100Km2 Turkmenistan
79%
44 637 657Km2 Somalia
78%
21 1 284 000Km2 Czad
77%
97 131 957Km2 Grecja
77%
50 527 968Km2 Jemen
77%
68 329 847Km2 Malezja
77%
67 331 210Km2 Wietnam
77%
60 406 752Km2 Paragwaj
75%
31 947 300Km2 Tanzania
75%
23 1 246 700Km2 Angola
74%
73 298 170Km2 Filipiny
74%
47 587 041Km2 Madagaskar
74%
88 196 722Km2 Senegal
74%
74 283 561Km2 Ekwador
73%
89 185 180Km2 Syria
73%
91 176 215Km2 Urugwaj
73%
39 752 618Km2 Zambia
71%
11 2 344 858Km2 Drk
70%
24 1 240 192Km2 Mali
70%
93 163 610Km2 Tunezja
70%
69 322 463Km2 Wybrzeże Kości Słoniowej
70%
84 236 800Km2 Laos
69%
29 1 030 700Km2 Mauretania
69%
90 181 035Km2 Kambodża
68%
54 475 440Km2 Kamerun
66%
87 199 951Km2 Kirgistan
66%
55 462 840Km2 Papua Nowa Gwinea
66%
13 2 210 573Km2 Dania
65%
99 120 538Km2 Korea Północna
65%
34 824 292Km2 Namibia
65%
95 143 998Km2 Bangladesz
64%
80 245 857Km2 Gwinea
64%
61 390 757Km2 Zimbabwe
64%
48 581 730Km2 Botswana
62%
40 676 578Km2 Birma
61%
35 799 380Km2 Mozambik
61%
45 622 984Km2 Republika Środkowoafrykańska
61%
94 147 181Km2 Nepal
60%
81 241 038Km2 Uganda
60%
82 238 533Km2 Ghana
58%
85 214 969Km2 Gujana
58%
92 163 820Km2 Surinam
57%
77 267 667Km2 Gabon
56%
75 274 200Km2 Burkina Faso
45%
100 118 484Km2 Malawi
42%
98 130 370Km2 Nikaragua
30%
Nie znaleziono quizów pasujących do podanych kryteriów
Rozkład punktacji
Procent ludzi z każdym wynikiem
Percentyl według liczby udzielonych odpowiedzi
Twoja historia wyników
Nie rozwiązałeś tego quizu